000 01787cam a2200457 i 4500
999 _c354216
_d354216
001 19423944
003 NUST
005 20180117104045.0
008 151021t20162016enk b 001 0 eng c
010 _a 2016436775
020 _a9781784534882
_q(hardback)
020 _a1784534889
_q(hardback)
035 _a(OCoLC)ocn956357823
040 _aAU@
_beng
_cAU@
_erda
_dOCLCO
_dYDX
_dSINLB
_dOCLCF
_dGWL
_dNDD
_dBTCTA
_dDLC
042 _apcc
050 0 0 _aHV6431
_b.R645 2016
082 _a363.325 ROG 2016
100 1 _aRogers, Paul,
_d1943-
_eauthor.
_98475
245 1 0 _aIrregular war :
_bISIS and the new threat from the margins /
_cPaul Rogers.
246 3 0 _aISIS and the new threat from the margins
264 1 _aLondon ;
_aNew York :
_bI.B. Tauris,
_c2016.
264 4 _c©2016
300 _axii, 244 pages ;
_c22 cm
336 _atext
_btxt
_2rdacontent
337 _aunmediated
_bn
_2rdamedia
338 _avolume
_bnc
_2rdacarrier
504 _aIncludes bibliographical references (pages 230-233) and index.
610 2 0 _aIS (Organization)
_98476
610 2 7 _aIS (Organization)
_2fast
_0(OCoLC)fst01914325
_98476
650 0 _aTerrorists
_xRecruiting.
_98477
650 0 _aTerrorism
_xReligious aspects
_xIslam.
_98478
650 0 _aRadicalism
_xReligious aspects
_xIslam.
_98479
650 0 _aTerrorism
_xPrevention.
_93117
650 0 _aIslamic fundamentalism
_xPolitical aspects.
_98480
650 0 _aSecurity, International.
_92184
650 7 _aSecurity, International.
_2fast
_0(OCoLC)fst01110895
_92184
650 7 _aTerrorism
_xReligious aspects.
_2fast
_0(OCoLC)fst01148134
_98481
650 7 _aTerrorism
_xReligious aspects
_xIslam.
_2fast
_0(OCoLC)fst01148138
_98478
906 _a7
_bcbc
_cpccadap
_d3
_encip
_f20
_gy-gencatlg
942 _2ddc
_cBK